000 00764nam a2200217 4500
001 143821
003 ES-MaACL
005 20230906200901.0
007 t|
008 070214s1972 sp r ||||1| spa d
100 1 _aShepherd, Michael.
_9106089
245 1 0 _aPsicofarmacología clínica /
_cMichael Shepherd, Malcolm Lader, Richard Rodnight ; prólogo de H. O. Schild ; traducción de Vicente Peg Juarrero, Bernabé Sanz Pérez.
260 _aZaragoza :
_bAcribia,
_c1972.
300 _aXVI, 357 p. ;
_c22 cm.
700 1 _aLader, Malcolm.
_969433
700 1 _aRodnight, Richard.
_998151
700 1 _aSchild, H. O.
_9104352
700 1 _aPeg Juarrero, Vicente.
_989963
700 1 _aSanz Pérez, Bernabé.
_9103675
852 _aES-MaACL
_jC-42760
_bR.81102
999 _c143821
_d143821